000 00320nam a22001337a 4500
005 20240130115106.0
008 240130b |||||||| |||| 00| 0 eng d
020 _a81-7866-783-5
041 _aeng
100 _aNAIR, SUJA R.
_91480
245 _aCONSUMER BEHAVIOUR IN INDIAN PERSPECTIVE
300 _a548;P
942 _cBK
999 _c8505
_d8503